Illustrated dictionary of marketing & sales / (Record no. 145557)

MARC details
000 -LEADER
fixed length control field 00463nam a22001697a 4500
005 - DATE AND TIME OF LATEST TRANSACTION
control field 20170926145656.0
010 ## - LCCN (DPL NO)
LC control number ENG-120731
020 ## - INTERNATIONAL STANDARD BOOK NUMBER
Terms of availability 300.00
035 ## - SYSTEM CONTROL NUMBER
System control number EN-104263
037 ## - SOURCE OF ACQUISITION
Source of stock number/acquisition DBAD/PUB
082 ## - DEWEY DECIMAL CLASSIFICATION NUMBER
Classification number 352.03
245 ## - TITLE STATEMENT
Title Illustrated dictionary of marketing & sales /
260 ## - PUBLICATION, DISTRIBUTION, ETC. (IMPRINT)
Place of publication, distribution, etc Noida
Name of publisher, distributor, etc Calvin Publishing
Date of publication, distribution, etc 2011
270 ## - ADDRESS
Address B-114,Sector-55
City Noida (U.P.)
300 ## - PHYSICAL DESCRIPTION
Extent 224p.:
Dimensions 23cm(Hb).
Other physical details ill.
942 ## - ADDED ENTRY ELEMENTS (KOHA)
Source of classification or shelving scheme Dewey Decimal Classification
Item type English Books
Classification part 353.03
Call number suffix ILL
Holdings
Withdrawn status Lost status Not for loan Collection code Home library Current library Date acquired Source of acquisition Cost, normal purchase price Full call number Barcode Copy number Cost, replacement price Koha item type
      Non-fiction Ashok Vihar Ashok Vihar 26/09/2017 DBAD/PUB 300.00 353.03 ILL EN-104263 1 300.00 English Books

© Delhi Public Library
Hit Counter
free hit counter